000 00373nam a22001217a 4500
008 230609b xxu||||| |||| 00| 0 eng d
082 _a354.676
_bGOK
110 _bGOK
245 _a2009/2010 Estimates of Development Expenditure of the GOk for the Year Endeing 30th June, 2010
_bVolume 1
_cVotes D01-D19
260 _aKenya
_bGoK
_cJune, 2009
300 _a505p
942 _2ddc
_cBK
999 _c941
_d941